000 00884am a2200313a 44500
003 AR-BaBNM
005 20251128203139.0
008 049119s1969 #AR|||||||||||000 | esp||
040 _cAR-BaBNM
100 1 _aStammen, Theo
245 1 0 _aSistemas políticos actuales
260 _aMadrid
_bEdiciones Guadarrama
_c1969
300 _a294 p.
490 0 _aUniversitaria de bolsillo. Punto Omega
_vv. 36
500 _aNotas p. 289-294
504 _aBibliografía p. 283-287
650 4 _aCIENCIAS POLITICAS
650 4 _aDOCTRINAS POLITICAS
650 4 _aSISTEMAS POLITICOS
650 4 _aSISTEMAS PARLAMENTARIOS
650 4 _aTOTALITARISMO
650 4 _aCOMUNISMO
650 4 _aSISTEMAS PRESIDENCIALES
650 4 _aPAISES EN DESARROLLO
700 1 _aChocomeli Lera, José Rafael
_etraductor
800 1 _aHoria, Vintila
_edirector
942 _cBK
998 _cCarmen
999 _c2122
_d2122